01149nam a2200265 a 450000100060000000300080000600500170001400800410003103500190007204000350009104100080012608200250013410000250015924501550018426000770033930000440041650200820046050400340054265000430057670000430061970000450066294200130070799900170072095201460073783394BD-RjUL20240319100039.0240319s2006 bg a|||| m||| 00| 0 eng d a(BD-RjUL)83394 aBD-RjULbengcBD-RjULdBD-RjUL aeng 223a381.34bLUC 2006 aLubna, Nasrin91240410aCONSUMER RIGHTS IN BANGLADESH :bLEGAL STATUS AND PROTECTION MODALITIES /cNasrin Lubna6Supervisor : Habibur Rahman Co-supervisor : Sanjib Kumar Saha aRajshahi :bInstitute of Bangladesh Studies,University of Rajshahic2006 a[2], xviii, 305 leaves :bill.;c29 cm. aThesis (Ph.D.) -- Institute of Bangladesh Studies,University of Rajshahi,2006 aBibliography : Leaves 236-251 aConsumer protectionzBangladesh912405 aRahman, Habibur, Supervisor 912159 aSaha, Sanjib Kumar, Co-supervisor 97844 2ddccTHE c83394d83394 102ddc40718THESESaRUCLbRUCLcDoc/Thed2007-02-11eController of Exam. R.U.l0oTHE 381.34 LUC 2006pD2566r2024-03-19 00:00:00tC-1yTHE